INAZUMA ELEVEN GO - SQUADRA INVINCIBILE - Statistics

Statistiche generali
  • Questo quiz è stato fatto 24 volte
  • Il punteggio medio è 9 su 11
Statistiche sulle risposte
Hint Risposta % Corretto
centrocampista riccardo
100%
portiere jp
95%
attaccante victor
95%
attaccante zanark
95%
centrocampista arion
89%
attaccante fei
89%
difensore goldie
89%
difensore gabi
84%
centrocampista ryoma
74%
centrocampista sol
68%
difensore sor
63%
Nessun quiz corrispondente trovato
Distribuzione punteggi
Percentuale di utenti per punteggio
Percentile per numero di risposta
I tuoi punteggi nel tempo
Non hai fatto questo quiz